000 00717cam a2200265I 4500
999 _c5237
_d5237
001 24300
003 GBCCL
005 20241126110536.0
008 750618s1968 xx 000 0 eng u
010 _a 67031425
020 _a0830700242
035 _a(OCoLC)01398274
040 _cITD
049 _aLBBK
_aLBBA
050 0 _aHQ734
_b.N28
082 0 _a249
_a261.8'3
_bNAR
092 _a301.42
_bN234hs
100 1 _aNarramore, Clyde M.
_q(Clyde Maurice),
_d1916-
_97042
245 1 0 _aHow to succeed in family living,
_cby Clyde M. Narramore.
260 _aGlendale, Calif.,
_bG/L Regal Books
_c[1968]
300 _a119 p.
_c18 cm.
650 0 _aFamily.
_96419
740 0 _aFamily living.
942 _2ddc
_cBK
_012